REVIEW OF OPHTHALMOLOGY (Record no. 15660)

MARC details
000 -LEADER
fixed length control field 00304nam a22001457a 4500
003 - CONTROL NUMBER IDENTIFIER
control field SGT
082 ## - DEWEY DECIMAL CLASSIFICATION NUMBER
Classification number 617.7
Item number R15K
100 ## - MAIN ENTRY--PERSONAL NAME
Personal name KHURANA,A K
245 ## - TITLE STATEMENT
Title REVIEW OF OPHTHALMOLOGY
250 ## - EDITION STATEMENT
Edition statement 6TH
260 ## - PUBLICATION, DISTRIBUTION, ETC. (IMPRINT)
Place of publication, distribution, etc INDIA
Name of publisher, distributor, etc JAYPEE
Year of Publication 2015
300 ## - PAGE DESCRIPTION
No. of Pages 623
650 ## - SUBJECT ADDED ENTRY--TOPICAL TERM
Topical term or geographic name as entry element OPHTHALMOLOGY
942 ## - ADDED ENTRY ELEMENTS (KOHA)
Source of classification or shelving scheme Dewey Decimal Classification
Koha item type Books
942 ## - ADDED ENTRY ELEMENTS (KOHA)
-- 5
Holdings
Withdrawn status Lost status Source of classification or shelving scheme Damaged status Not for loan Collection code Home library Current library Shelving location Date acquired Vendor Name SGTU Bill Number Total Checkouts Full call number Accession No. (Barcode) Date last seen Date last borrowed Bill Date Koha item type
    Dewey Decimal Classification     MEDICAL SGT Medical Library SGT Medical Library Reference Book 10/07/2018 ABC SGTU 9732 5 617.7 R15K FM10771 07/06/2025 29/05/2025 15/05/2018 Books
    Dewey Decimal Classification     MEDICAL SGT Medical Library SGT Medical Library Reference Book 10/07/2018 ABC SGTU 9732 3 617.7 R15K FM10772 27/02/2024 26/02/2024 15/05/2018 Books
    Dewey Decimal Classification     MEDICAL SGT Medical Library SGT Medical Library Reference Book 10/07/2018 ABC SGTU 9732 6 617.7 R15K FM10773 25/09/2025 12/09/2025 15/05/2018 Books
    Dewey Decimal Classification   Not For Loan MEDICAL SGT Medical Library SGT Medical Library Reference Book 10/07/2018 ABC SGTU 9732   617.7 R15K FM10774 10/07/2018   15/05/2018 Books
    Dewey Decimal Classification   Not For Loan MEDICAL SGT Medical Library SGT Medical Library Reference Book 10/07/2018 ABC SGTU 9732   617.7 R15K FM10775 10/07/2018   15/05/2018 Books